| 000 -LEADER |
| fixed length control field |
00544cam a2200193 i 4500 |
| 020 ## - INTERNATIONAL STANDARD BOOK NUMBER |
| ISBN |
9780073376905 (alk. paper) |
| 020 ## - INTERNATIONAL STANDARD BOOK NUMBER |
| ISBN |
0073376906 (alk. paper) |
| 040 ## - CATALOGING SOURCE |
| Transcribing agency |
DLC |
| 082 00 - DEWEY DECIMAL CLASSIFICATION NUMBER |
| Classification number |
658 MCG 2015 A115 Or. |
| 100 1# - MAIN ENTRY--AUTHOR NAME |
| Personal name |
Baltzan, Paige. |
| 245 10 - TITLE STATEMENT |
| Title |
Business driven technology / |
| 250 ## - EDITION STATEMENT |
| Edition statement |
SIXTH EDITION. |
| 300 ## - PHYSICAL DESCRIPTION |
| Number of Pages |
xxxiii, 588 pages ; |
| Dimensions |
29 cm |
| 650 #0 - SUBJECT ADDED ENTRY--TOPICAL TERM |
| Topical Term |
Information technology |
| 650 #0 - SUBJECT ADDED ENTRY--TOPICAL TERM |
| Topical Term |
Management information systems. |
| 650 #0 - SUBJECT ADDED ENTRY--TOPICAL TERM |
| Topical Term |
Information resources management. |
| 650 #0 - SUBJECT ADDED ENTRY--TOPICAL TERM |
| Topical Term |
Industrial management |
| 942 ## - ADDED ENTRY ELEMENTS (KOHA) |
| Koha item type |
ADB |
| 952 ## - LOCATION AND ITEM INFORMATION (KOHA) |
| Withdrawn status [LOCAL, KOHA] |
0 |
| 952 ## - LOCATION AND ITEM INFORMATION (KOHA) |
| Withdrawn status [LOCAL, KOHA] |
0 |